[Event "London Classic 2nd"]
[Site "London"]
[Date "2010.12.14"]
[Round "6"]
[White "McShane, Luke J"]
[Black "Nakamura, Hikaru"]
[Result "1/2-1/2"]
[WhiteElo "2645"]
[BlackElo "2741"]
[Annotator "Marin,M"]
[PlyCount "99"]
[EventDate "2010.12.06"]
[EventType "tourn"]
[EventRounds "7"]
[EventCountry "ENG"]
[EventCategory "19"]
[SourceTitle "CBM 140"]
[Source "ChessBase"]
[SourceDate "2011.01.18"]
[SourceVersion "1"]
[SourceVersionDate "2011.01.18"]
[SourceQuality "1"]

1. g3 {This way of starting the game is not too popular at grandmaster level,
but the move is not bad at all. The only psychological drawback consists of
the fact that it gives Black the possibility of choosing between the Reti
Opening and the English Opening.} e5 (1... d5 2. Nf3 {could lead to a Reti
Opening.}) 2. c4 Nf6 3. Bg2 d5 4. cxd5 Nxd5 5. Nc3 Nb6 6. Nf3 Nc6 7. O-O Be7 8.
a3 O-O 9. b4 Re8 {This is somewhat old-fashioned.} (9... Be6 {is by far more
popular.}) 10. d3 Bf8 11. Bb2 ({Since Black's main plan consists of 11...a5 12.
b5 Nd4, when ...c6 is one of his strategic threats, I find the alternative} 11.
Rb1 {preferable.}) 11... a5 12. b5 Nd4 13. Nd2 c6 $1 (13... a4 {is too slow,
allowing White to gain territory in the centre} 14. e3 Ne6 15. Nf3 $36 {
Gulko,B (2615)-Short,N (2655)/New York 1994/CBM 042/[Ribli] (1-0, 24)}) 14.
bxc6 Nxc6 {Apparently, Black's queenside operation has left him with only
weaknesses along the b-file. However, a closer look will convince us that
White's development is incomplete, leaving him with problems stabilising that
wing. After a predictable ...Be6, all Black's minor pieces would target the
white queenside, while the a3-pawn is vulnerable.} 15. Nc4 $146 {This novelty
does not look like an improvement over the existing theory.} ({White's main
tries for an advantage were so far connected with} 15. Nb5 a4 16. Rb1 Be6 (
16... Bg4 17. Re1 Qd7 18. Ba1 {Huebner,R (2628)-Ruck,R (2569)/Leipzig 2002/CBM
089/[Ribli] (1-0, 41)}) 17. Ba1 Qd7 18. Qc2 Rec8 19. Qb2 f6 20. d4 {Markowski,
T (2549)-Huebner,R (2640)/Germany 2003/CBM 093/[Ribli] (1/2, 30)}) 15... Be6 {
A logical developing move, forcing White to release the tension.} (15... Nxc4
16. dxc4 {Offers White increased stability on the dark squares, with chances
to exploit the weaknesses along the b-file.} Bg4 17. h3 {followed by Nd5, with
some space advantage in the centre.}) 16. Nxb6 Qxb6 17. Rb1 Qa6 18. Bc1 {
This is equivalent with admitting that 11.Bb2 has not been accurate and
practically leads to the loss of two tempi.} (18. a4 $5 {is more logical.} Rac8
({After} 18... Nd4 19. e3 Bb3 {the queen will be able to escape perpetual
harassment:} 20. Qh5 g6 21. Qg4 Be6 22. Qg5 {and the e5-pawn is hanging,
leaving the long diagonal vulnerable.}) 19. Nb5 Bb4 20. e3 {preparing d3-d4.
Black's position certainly looks active, but if White manages to regroup, his
position would be strategically superior.}) 18... Rac8 (18... a4 $5 $15 {
strongly comes into consideration.}) 19. Re1 $6 {Very passive.} (19. Be3 $5 {
, completing the activation of the bishop, looks more consequent and may offer
White reasonable compensation for the pawn after} Bxa3 20. Rb6 Qa8 21. Qa4 $44
{All White's pieces will target the enemy queenside (after Rb1 or Ra1), with
similar play to in the Benko Gambit.}) 19... b6 20. Bd2 (20. Nd5 b5 $15) ({
Now that the b-pawn has evacuated the long diagonal,} 20. Be3 {can be met by}
Nd4 $15) 20... Red8 21. a4 Nd4 22. Nb5 Bc5 $15 {Black is better developed,
which makes the blockade on b5 instable and the a4-pawn vulnerable.} 23. Nxd4
Bxd4 24. Be3 {Hoping to ease his position by simplifications.} Rc5 {Not
wishing to offer the opponent any space at all.} (24... Bxe3 25. fxe3 Rc5 {
also looks promising.}) 25. Bxd4 {White keeps exchanging pieces while also
trying to prevent the dangerous pawn break ...b5, which would leave Black with
a dangerous passed pawn.} (25. Qd2 b5 $36) 25... exd4 26. Rc1 Qc8 $1 {Simple
chess. Black keeps regrouping, inviting White to carry out the exchanges
himself.} (26... Rxc1 27. Qxc1 b5 {offers White counterplay:} 28. Qg5 Rb8 29.
Qe5 Qb6 30. axb5 Qxb5 31. Qxd4 Qb4 $5 32. Qxb4 axb4 $44 {The pawn looks very
dangerous, but White can work out his way to a draw:} 33. Rb1 b3 34. d4 b2 35.
d5 Bg4 36. e3 (36. Kf1 $2 Rc8 $1 37. Be4 f5 $1) 36... Be2 37. Bf1 Bf3 38. Bg2
Bd1 39. Rxd1 $1 b1=Q 40. Rxb1 Rxb1+ 41. Bf1 {and White should not lose this
ending.}) 27. Rxc5 Qxc5 28. Qa1 Rc8 {Maintaining the control of the only open
file.} 29. h4 Qc3 30. Bb7 Rc7 31. Be4 f5 ({At some later point, the
vulnerability of the a2-g8 diagonal will become a main theme. Therefore, the
immediate} 31... Bb3 {comes into consideration, with complete white paralysis.}
) 32. Bf3 {There is little this bishop can do, while its counterpart has the
precise function of attacking the a4-pawn and covering the b-file at the same
time.} Bb3 33. Kf1 Kf8 {The king courageously starts his march, preparing for
the ending.} (33... Kf7 $6 34. Qa3 $1 $132 Qb4 $2 35. Qxb4 axb4 36. Rb1 $16 Rc3
$2 37. Rxb3 $1 $18) 34. e3 $6 {Desperation.} (34. Qa3+ Qb4 35. Qxb4+ axb4 36.
Rb1 Rc3 $17) (34. Rb1 Qxa1 35. Rxa1 Ke7 $17) 34... Qxd3+ $6 (34... dxe3 $1 {
would have been by far more convincing.} 35. fxe3 (35. Qxc3 Rxc3 36. Rxe3 Bxa4
$19) (35. Qa3+ Qb4 36. Qxb4+ axb4 37. Rb1 Bc2 38. Rxb4 Bxd3+ {and the e-pawn
is an irresistible force.}) 35... Qxd3+ $19) 35. Kg2 Qc3 (35... dxe3 $2 {
does not work now:} 36. Qa3+ {followed by Rxe3, winning the bishop, for
instance} Re7 37. Rxe3 $18) 36. Qa3+ {The last chance.} Ke8 $2 {This looks
like premature centralisation, since the queens are still on the board.} (36...
Qb4 $1 37. Qxb4+ axb4 38. Rb1 Rc3 39. exd4 Ke7 {The more active king and the
favourable queenside situation offer Black excellent winning chances.}) 37. Qd6
$132 {With such an open king, the perpetual check is hard to avoid.} Rd7 38.
Qe5+ Re7 39. Qb5+ Kf8 40. Qxf5+ Rf7 41. Qe5 Rxf3 42. Kxf3 Qxe1 43. Qb8+ Ke7 44.
Qc7+ Kf6 45. Qd8+ Kf7 46. Qd7+ Kf8 47. Qd8+ Kf7 48. Qc7+ Kf6 49. Qd8+ Kf7 50.
Qc7+ 1/2-1/2

[Event "ROM-chT"]
[Site "Predeal"]
[Date "2007.10.16"]
[Round "4"]
[White "Marin, Mihail"]
[Black "Moldovan, Daniel"]
[Result "1/2-1/2"]
[WhiteElo "2551"]
[BlackElo "2434"]
[Annotator "Marin,M"]
[PlyCount "105"]
[EventDate "2007.10.13"]
[EventType "team"]
[EventRounds "9"]
[EventCountry "ROU"]
[SourceTitle "CBM 121"]
[Source "ChessBase"]
[SourceDate "2007.11.14"]
[SourceVersion "1"]
[SourceVersionDate "2007.11.14"]
[SourceQuality "1"]
[TimeControl "5400"]
[WhiteClock "0:00:16"]
[BlackClock "0:00:16"]

1. c4 e5 2. g3 Nf6 3. Bg2 d5 4. cxd5 Nxd5 5. Nc3 Nb6 6. Nf3 Nc6 7. O-O Be7 8.
a3 O-O 9. b4 Be6 10. Rb1 f6 11. d3 a5 12. b5 Nd4 13. Nd2 Bd5 {One of the big
paradoxes of modern chess theory. Black gives up his light-squared bishop,
leaving the monster from g2 unchallenged and is supposed to equalise!} 14. Nxd5
Nxd5 15. Bb2 a4 16. Ba1 $146 {The move (in connection with the next one) was
suggested to me by IM Ovidiu Foisor several years ago.} ({I had tried} 16. Bxd4
exd4 17. Qc2 {twice, for the simple reason that I wanted to check first
whether White really needs to be so refined (Bb2-a1xd4).} Kh8 $5 {is trickier
and seems to offer Black adequate play.} (17... Nc3 $6 {worked out well for
White.} 18. Bxb7 Rb8 19. Bc6 $1 {It is important to keep the b5-pawn well
defended, in order to cut Black's army into two.} (19. Bf3 Bxa3 20. Ra1 Bb4 21.
Nb1 {1/2-1/2 Chernin,A (2572)-Van den Doel,E (2547)/Korinthos 2000/EXT 2001})
19... Nxe2+ (19... Nxb1 20. Rxb1 $16 {><a4}) 20. Kg2 Nc3 21. Ra1 $1 Kh8 22. Ne4
Nd5 $2 (22... Nxb5 23. Qxa4 Nc3 24. Qc4 f5 25. Nxc3 dxc3 26. a4 $16) 23. Qxa4
f5 24. Nd2 Nc3 25. Qc4 f4 26. a4 $18 Rf5 27. Nf3 Rh5 28. Qf7 {1-0 Marin,M 
(2551)-Sulava,N (2552)/Cannes (open) 2002.}) 18. Nc4 Re8 19. Rfe1 (19. Rbc1 Bf8
20. Qb2 Nc3 21. Rfe1 Rb8 22. e3 Qd7 23. b6 c6 24. e4 Bc5 25. f4 $14 {offered
White some advantage in Ostenstad,B (2480)-Johannessen,L (2555)/Moss 2006/TWIC
610 (1/2-1/2, 41). The open question remains what to do against 19...Bc5, as
played by Lima.}) 19... Bc5 20. Na5 Rxa5 21. Qxc5 Nc3 22. Bxb7 Re5 23. Qc4 Nxb1
24. Rxb1 Rxe2 25. Be4 f5 $1 {and White could not stabilize the position to his
favour in Marin,M (2511)-Lima,D (2533)/Mallorca 2004/CBM 104 (1/2-1/2, 39)})
16... Qd7 {Practically forced, but the queen will be exposed here.} (16... Ra5
17. Nc4 Ra7 (17... Rxb5 18. Rxb5 Nxb5 19. Qxa4 c6 20. Qb3 Rf7 21. Bh3 $16) 18.
e3 Nb3 19. Rxb3 $5 axb3 20. Qxb3 Kh8 21. d4 $14) (16... Kh8 17. e3 $16 {
[%csl Gg2] ץg2, /^h1-a8}) 17. Bxd4 $5 $146 {This is Ovidiu's idea.} (17. b6 {
is also interesting} cxb6 $5 (17... c6 $2 {drops a piece to} 18. e4) (17...
Nxb6 18. Bxb7 Rab8 19. Be4 Bxa3 20. e3 Ne6 21. Qc2 $44 Bd6 22. d4 g6 23. Bc6
Qf7 24. dxe5 Bxe5 25. Bxe5 fxe5 26. Bxa4 Nxa4 {1/2-1/2 Johansson,L (2280)
-Motwani,P (2425)/Copenhagen 1991/EXT 97} 27. Rxb8 Rxb8 28. Qxa4 $16 {[%csl
Rc7,Ge4,Re5]}) 18. Nc4 Ra6 19. Bxd4 exd4 20. Bxd5+ Qxd5 21. Rxb6 Rxb6 22. Nxb6
Qc6 23. Nxa4 b5 24. Qb3+ Kh8 25. Nb2 Ra8 26. Ra1 b4 27. a4 Qc3 $44) 17... exd4
18. Qc2 Rf7 ({With the queen on the exposed d7-square,} 18... Nc3 $2 {does not
work at all:} 19. Bxb7 Ra7 20. Bc6 $16) (18... Kh8 $5 {is an important
alternative. In some lines, Black will avoid the unpleasant pin of the rook,
but in others, his queen will be undefended (after a bishop move).}) 19. Qc4 c6
$5 {If Black has to play this, something must have been wrong with his
strategy. Maybe he should have kept the light-squared bishop after all?!} (
19... Nb6 20. Qa2 Ra7 21. Nc4 (21. Rfc1 $5) 21... Qe6 (21... Nd5 $2 22. Ne5 $1
$18 {We can see here the drawbacks of the rook lift to f7.}) (21... Nc8 22.
Rfc1 Bf8 23. b6 $16) 22. Rb2 $14) 20. bxc6 bxc6 21. Ra1 $5 (21. Qxd4 $1 Bxa3
22. Ra1 (22. Nc4 Bf8 23. e4 {With ...Kh8 instead of ...Rf7, the f8-square
would not have been available to the bishop and the knight would have been
pinned now.} Nb4 24. Qxd7 Rxd7 25. Nb6 Rdd8 26. Nxa8 Rxa8 $44) 22... Qe7 {
and here I missed} 23. Qc4 $1 $16 {/\Qxc6} ({calculating only} 23. Bxd5 cxd5
24. Qxd5 Rd8 $44)) 21... f5 {Indirectly defending the d4-pawn.} 22. Rfc1 $14 {
Black has numerous weaknesses and the simple rook moves, defending a3 or
attacking c6, cause him problems of coordination.} Rd8 (22... Bf6 23. Qxc6 $16)
23. Rc2 $1 (23. Qxc6 $6 Nc3 $1 $44) (23. Qxa4 $2 Nc3 24. Qc4 Nxe2+ $15) 23...
Bf6 24. Qxa4 Nc3 25. Qc4 Nxe2+ 26. Kf1 Nc3 (26... Qe7 $2 27. Re1 Re8 28. Nf3
$18 {פe2, צe1}) 27. Bxc6 {After the game, I reproached myself for this move,
but now I believe that the mistake came later.} (27. a4 f4 $5 $132) 27... Qd6
28. Ba4 $6 (28. Re1 $1 {[%csl Rf7][%cal Ye1e8,Yc6e8]} Kf8 {Being under some
time pressure, I stopped my "calculation" here.} 29. a4 $1 Rc8 (29... f4 30.
Ne4 $16) (29... Re7 30. Rxe7 Bxe7 31. Nf3 Bf6 32. Rb2 $40 {/\Rb7}) 30. Re6 Qb8
31. a5 $16) 28... Rdf8 $1 {I also missed this simple move.} 29. Qc6 (29. Bb3
Kh8 30. Qxf7 Rxf7 31. Bxf7 Qc6 32. f3 g5 $44 {The queen is quite dangerous,
especially in time trouble.}) 29... Qxc6 30. Bxc6 Rc7 31. Bf3 Rb8 32. a4 Ra7
33. Nc4 (33. a5 Ra6 34. Nc4 Bd8 $44 {White cannot activate his pieces easily
and the most likely result is a draw.}) 33... Rxa4 {This is possible, but not
necessary.} (33... Ra6 $5 $44) 34. Rxa4 Nxa4 35. Nd6 Nc3 (35... g6 36. Bd5+ Kf8
37. Rc7 $36) 36. Nxf5 $14 Rb6 $1 {[%csl Rf5] פf5} 37. g4 $138 (37. Kg2 Kf7 38.
h4 $6 h5 $1 {/\...g6}) 37... g6 38. Ng3 Be5 39. Kg2 Kg7 {[%csl Rc2,Rf4] צc2}
40. Rc1 Rb1 $1 41. Rxb1 Nxb1 42. Bd5 Nc3 43. Bc4 Kf6 44. h4 h6 45. h5 (45. Ba6
Bxg3 $1 (45... Bd6 46. h5 Bxg3 47. Kxg3 g5 48. f4 $1 Ne2+ 49. Kf3 Nxf4 50. Ke4
$18 Nh3 51. Kxd4 Nf2 52. Bc8 $1) 46. Kxg3 Ne2+ $1 (46... g5 47. hxg5+ hxg5 48.
f4 Ne2+ 49. Kf3 Nxf4 50. Ke4 Ne2 51. Bc4 $22 Kg6 52. Ke5 $22 Kh6 53. Bd5 Kg6
54. Bf3 Nf4 55. Kxd4 $18) 47. Kf3 Nc3 $11) 45... Bxg3 46. Kxg3 g5 $1 (46...
gxh5 $2 47. gxh5 Kg5 48. f4+ $1 $16 Kxh5 $2 49. Bf7#) 47. f4 (47. Kf3 Ke5 $15)
47... Ne2+ $1 48. Kf3 Nxf4 49. Ke4 Nh3 $8 50. Ba6 (50. Kxd4 Nf2 $11 {[%csl Gc4,
Re6,Yg4] ץc4}) 50... Nf2+ 51. Kf3 Nd1 52. Ke4 Nf2+ 53. Kf3 1/2-1/2

[Event "Sitges op 25th"]
[Site "Sitges"]
[Date "1999.07.21"]
[Round "6"]
[White "Marin, Mihail"]
[Black "Cuijpers, Frans Andre"]
[Result "1-0"]
[WhiteElo "2548"]
[BlackElo "2450"]
[Annotator "Marin,M"]
[PlyCount "99"]
[EventDate "1999.07.16"]
[EventType "swiss"]
[EventRounds "9"]
[EventCountry "ESP"]
[SourceTitle "CBM 072"]
[Source "ChessBase"]
[SourceDate "1999.10.01"]
[SourceVersion "1"]
[SourceVersionDate "1999.10.01"]
[SourceQuality "1"]

1. c4 e5 2. Nc3 Nf6 3. Nf3 Nc6 4. g3 Nd4 5. Bg2 Nxf3+ 6. Bxf3 Bb4 7. Qb3 Bc5 8.
O-O O-O 9. Rd1 {N} Qe7 10. d3 c6 (10... h6 11. Na4 d6 12. Nxc5 dxc5 13. Be3 $16
) 11. Bg5 h6 12. Bxf6 Qxf6 13. Ne4 Qe7 14. Nxc5 Qxc5 15. Qc3 (15. e3 Qe7) 15...
Qe7 16. c5 (16. d4 e4) 16... Rd8 17. Rd2 (17. d4 e4 18. Qe3 Re8 19. Bg2 d5 20.
cxd6 Qxd6 21. Bxe4 Bf5 $11) (17. b4 d5 18. cxd6 Qxd6 19. Rab1 Be6 20. a4 Bd5
$11) 17... d5 18. cxd6 Qxd6 (18... Rxd6 19. b4) 19. Rad1 Be6 20. d4 exd4 21.
Rxd4 Qe7 22. a3 Qf6 23. Kg2 $6 (23. h4 $142 $1 Rxd4 24. Rxd4 Rd8 25. Rxd8+ Qxd8
26. Qe5 $16 Bd5 27. Qd4 $1 (27. Bxd5 cxd5 28. Qd4 Qc7) 27... Qc7 28. e4 Be6 29.
Qxa7) (23. Qc5 Rxd4 24. Rxd4 Rd8 25. Rxd8+ Qxd8 26. Qxa7 Bh3 $19) (23. Qb4 Rxd4
24. Rxd4 Rd8 25. Rxd8+ Qxd8 26. Qxb7 Bh3 $19) 23... Rxd4 24. Rxd4 Rd8 25. Rxd8+
Qxd8 26. Qe5 (26. Qc5 a5) 26... g5 $1 $14 27. g4 a6 28. h3 Qe7 29. b4 f6 30.
Qd4 $138 Kg7 $138 (30... Kf7) 31. a4 Qd7 32. Qxd7+ Bxd7 33. a5 Kf7 34. Be4 Ke7
(34... Ke6) 35. Kf3 Kd6 36. Ke3 Kc7 $6 37. Kd4 b6 $6 38. Bd3 $18 Bc8 39. axb6+
Kxb6 40. e3 Kc7 41. Kc5 Bb7 42. Bf5 Ba8 (42... a5 43. bxa5 Ba6 44. Be4 Bb5 (
44... Bf1 45. Bxc6 Bxh3 46. a6 Kb8 47. Kb6 $18) 45. Bd5 $1 Kb7 46. Bc4 $18) 43.
Be6 Bb7 44. f4 Ba8 45. f5 Bb7 46. e4 Ba8 47. e5 fxe5 48. f6 Kd8 49. Kd6 Ke8 50.
Kxe5 1-0